000 01124cam a2200241 4500
001 ##L131882
008 051214n2003 000 0 eng u
020 _a186081610X
035 _a(Sirsi) u131882
041 0 _aeng
050 0 4 _a697.92
100 1 _aRoss, D. I.
245 0 0 _aBackground ventilators for dwellings
260 _aLondon
_bBRE
_c2003
300 _a6p
_bill
_c30cm
490 0 _aBRE Information Paper
_vIP 2/03
520 _aThis information paper discusses the philosophy behind background ventilation in the Building Regulations, the types and merits of the background vents available (manually adjustable vents, humidity-controlled vents, temperature-controlled vents, pressure-controlled-difference vents, acoustic vents), and a method of vent performance testing proposed in the European Standard on residential ventilation.
650 2 4 _aBUILDING REGULATIONS 1991 APPROVED DOCUMENT F (1995 EDITION)
690 _aBUILT ENVIRONMENT-BUILDING SERVICES-BUILDING SERVICES ENGINEERING-HEATING AND VENTILATION ENGINEERING
700 1 _aStephen, R. K.
700 1 _aPierce, J. B. M.
942 _n0
999 _c104894
_d104894